Normal view
MARC view
- إرشاد تربوي. إرشاد نفسي-توجيه تربوي
Entry Topical Term
001 - CONTROL NUMBER
- control field: 22329
003 - CONTROL NUMBER IDENTIFIER
- control field: JO-AjAnu
005 - DATE AND TIME OF LATEST TRANSACTION
- control field: 20230606073845.0
008 - FIXED-LENGTH DATA ELEMENTS
- fixed length control field: 230606|| aca||aabn | a|a d
040 ## - CATALOGING SOURCE
- Original cataloging agency: JO-AjAnu
- Transcribing agency: JO-AjAnu
150 ## - HEADING--TOPICAL TERM
- Topical term or geographic name entry element: إرشاد تربوي. إرشاد نفسي-توجيه تربوي
670 ## - SOURCE DATA FOUND
- Source citation: Work cat.: (JO-AjAnu)11473: مورتنس،دونالد ج مؤلف/شمولر،ألن م م.مشارك, author 22328, التوجيه والإرشاد بين النظريات والإجراءات